TLC-II: test leer para comprender II: evaluación de la comprensión de textos
Saved in:
| Hovedforfatter: | |
|---|---|
| Andre forfattere: | , , , , |
| Format: | Bog |
| Sprog: | spansk |
| Udgivet: |
Buenos Aires
Editorial Paidós
2014
|
| Fag: | |
| Tags: |
Tilføj Tag
Ingen Tags, Vær først til at tagge denne postø!
|
MARC
| LEADER | 00000cam a2200000 a 4500 | ||
|---|---|---|---|
| 001 | UCD9252 | ||
| 003 | CL-VaPUC | ||
| 005 | 20230628074144.0 | ||
| 008 | 170609e20140000ag |||||||||||||||||spa|d | ||
| 999 | |c 368493 |d 368491 | ||
| 020 | |a 9789501271003 | ||
| 040 | |c Pontificia Universidad Católica de Valparaíso | ||
| 082 | 0 | 4 | |a 372.47 ABU 2014 |2 21 |
| 100 | 0 | |a Abusamra, Valeria |9 592944 | |
| 245 | 1 | 0 | |a TLC-II: test leer para comprender II: evaluación de la comprensión de textos |
| 260 | |a Buenos Aires |b Editorial Paidós |c 2014 | ||
| 300 | |a 136 páginas | ||
| 500 | |a Incluye 33 esquema básico del texto | ||
| 583 | |a last modification |c 20170609 16:51:00 |k Rodrigo Vera | ||
| 650 | 0 | |a Comprensión de lectura |9 307588 | |
| 650 | 0 | |a Métodos de enseñanza |9 270413 | |
| 700 | 0 | |a Cartoceti, Romina |9 592945 | |
| 700 | 0 | |a Ferreres, Aldo |9 592946 | |
| 700 | 0 | |a Raiter, Alejandro |9 592947 | |
| 700 | 0 | |a De Beni, Rossana |9 592948 | |
| 700 | 0 | |a Cornoldi, Cesare |9 592949 | |
| 942 | |c BK |2 ddc | ||
| 945 | |d 20170609 16:51:00 |a arojas | ||
| 952 | |0 0 |1 0 |2 ddc |3 erb |4 0 |6 372_470000000000000_ABU_2014 |7 0 |8 R |9 483826 |a BIBEDU |b BIBEDU |c MCIRC |i 5395194 |o 372.47 ABU 2014 |p 5395194 |r 2023-01-13 |t 1 |w 2019-11-24 |y BK_R |z Catalogado en:20170609 |k EDI | ||